Estudio de pre-factibilidad técnico y económico para instalar una fábrica de pulpa y papel, que utilice la fibra del pinzote de la palma africana
Gorde:
| Egile nagusia: | |
|---|---|
| Beste egile batzuk: | |
| Formatua: | Liburua |
| Argitaratua: |
San José, Costa Rica
1993
|
| Gaiak: | |
| Etiketak: |
Etiketa erantsi
Etiketarik gabe, Izan zaitez lehena erregistro honi etiketa jartzen!
|
MARC
| LEADER | 00000nam a2200000Ia 4500 | ||
|---|---|---|---|
| 003 | 007421 | ||
| 005 | 20221231144304.0 | ||
| 008 | 140114s1993 cr a m 000 ||s d | ||
| 040 | |c cru CEDI | ||
| 090 | |a TFG 3136 | ||
| 100 | |a Espeleta Calvo, Mario |9 11356 | ||
| 245 | |a Estudio de pre-factibilidad técnico y económico para instalar una fábrica de pulpa y papel, que utilice la fibra del pinzote de la palma africana | ||
| 260 | |c 1993 |a San José, Costa Rica | ||
| 300 | |a xii, [427] hojas : ilustraciones ; 28 cm. | ||
| 500 | |a Proyecto de graduacion (licenciatura en ingeniería industrial)--Universidad de Costa Rica. Facultad de Ingeniería. Escuela de Ingeniería Industrial | ||
| 650 | |x PAPEL - INDUSTRIA Y COMERCIO |9 11358 | ||
| 700 | |9 11357 |a Meneses Gómez, Katya | ||
| 942 | |c TFG | ||
| 999 | |c 19634 |d 19634 | ||
